|
|
|
|
| LEADER |
01118nab a2200253 i 4500 |
| 001 |
misc65780 |
| 005 |
20240425073203.0 |
| 008 |
230808s1987 hu o 000 eng d |
| 040 |
|
|
|a SZTE Miscellanea Repozitórium
|b hun
|
| 041 |
|
|
|a eng
|
| 100 |
2 |
|
|a Róna-Tas András
|
| 245 |
1 |
0 |
|a Losang Thonden, Deṅ-dus Bod-kyi skad-yig. Modern Tibetan language 1-2., 1984, 1986
|h [elektronikus dokumentum] :
|b review /
|c Róna-Tas András
|
| 260 |
|
|
|c 1987
|
| 300 |
|
|
|a 328-330
|c 24 cm
|
| 300 |
|
|
|a [3] p.
|c 24 cm
|
| 490 |
0 |
|
|a Acta Orientalia Academiae Scientiarum Hungaricae;Acta Orientalia Academiae Scientiarum Hungaricae : a Magyar Tudományos Akadémia orientalisztikai közleményei
|
| 561 |
|
|
|a Németh Gyula hagyaték
|
| 591 |
|
|
|a NOT 5174; NOT 5175; NOT 5176
|
| 650 |
|
4 |
|a Bölcsészettudományok
|
| 650 |
|
4 |
|a Nyelvek és irodalom
|
| 695 |
|
|
|a Tibeti nyelv - könyvismertetés, Keletkutatás - könyvismertetés
|
| 700 |
0 |
1 |
|a Thonden Losang
|
| 856 |
4 |
0 |
|u http://misc.bibl.u-szeged.hu/65780/3/5174_not.pdf
|z Dokumentum-elérés
|
| 856 |
4 |
0 |
|u http://misc.bibl.u-szeged.hu/65780/1/5175_not.pdf
|z Dokumentum-elérés
|